01237nab a22002537a 4500999001500000003000400015005001700019008004100036040000700077100003000084245012100114260007300235300001500308500004500323505022500368505008900593650003500682650002800717650002500745650001500770700003900785773014600824942001300970 c5469d5469OSt20251113133502.0190604e xxu||||| |||| 00| 0 spa d cPJ 96472aArrascaeta, Juan J.10aA favor de la acción recursoria entre coautores de un ilícito doloso /cJuan J. Arrascaeta, Lucca T. Cosentino. aCiudad Autónoma de Buenos Aires :bThomson Reuters La Ley, c2025. ap. 159-163 aCita Online: TR LALEY AR/DOC/1254/2025.  aSumario: I. Introducción.— II. El primer argumento: una analogía inexacta.— III. El segundo argumento: nemo auditur propriam turpitudinem allegans.— IV. Otros fundamentos de nuestra postura.— V. Conclusiones. t¿Te interesa el texto completo? Solicitalo al correo: koha@justierradelfuego.gov.ar 091497aCODIGO CIVIL Y COMERCIAL 093332aDAÑO RESARCIBLE 093929aACCIÓN CIVIL 092693aDOLO 96473aCosentino, Lucca T.ecoautor0 0271493171dCiudad Autónoma de Buenos Aires : Thomson Reuters La Ley, 2014-tRevista anales de legislación argentina. Nº 7 - Julio 2025. 2udccANA